Quizzes
Events
Quiz Creation
Community
Videos
Private Events
Remove Ads
Sign In
Join for FREE
Feedback
Dark Mode
Quiz Categories
Sports
Geography
Music
Movies
Television
Just For Fun
Miscellaneous
History
Literature
Language
Science
Gaming
Entertainment
Religion
Holiday
For Kids
Quiz Lab
Recent
Popular Today
Quiz Kudos Today
Editor Picks
Curator Picks
Quizzes by...
Day
Popularity
Type
Ratings
Length
Year
Community
Subscriptions
Recent Discussions
Orange Saloon
Badges
Playlists
Quests
Create
Leaderboards
Showdown
Live 5
Trivia Bingo
Activity
Puzzle Library
Sporcle Events
Private Events
Virtual Trivia
Globe League
Become a Host
Pub Owners
SporcleCon
Opinionation
Our Games
Videos
Blog
Mobile Apps
Partnerships
Remove Ads and Go Orange
Feedback
Gaming
Video Games
Board Games
Card Games
Pokémon
Mario
Nintendo
Minecraft
Console
Toys
Legend of Zelda
Gaming
Video Games
Board Games
Card Games
Pokémon
Mario
Nintendo
Minecraft
Console
Toys
Legend of Zelda
Random Quiz
Search Sporcle
×
Quiz Lab
Quiz Lab
Gaming
Metal Gear
Type in answers that appear in a list
Type in answers that appear in a list
Classic
Best Score? Go Orange.
Metal Gear Name Chain Stats
Can you name the people in the Metal Gear name chain?
By
xardo007
10m
30 Questions
3,302 Plays
3,302 Plays
3,302 Plays
Comments
Comments
Give Quiz Kudos
Give Quiz Kudos
-
- Ratings
hide this ad
More Info
No Skip
Answers have to be entered in order without skipping
Answers have to be entered in order without skipping
Replay
Link that replays current quiz
Next Quiz
Link to next quiz in quiz playlist
You Got
0%
They Got
Avg Score
57%
Avg Friend Score
Upgrade to see
Score Distribution
Jump to the score distribution portion of the page
Score
0/30
Timer
10:00
0
Plays Today
Clue
Person
% Correct
?
???
100%
?
???
99.5%
?
???
98.2%
?
???
93.8%
?
???
88.1%
?
???
77%
?
???
76.1%
?
???
74.3%
?
???
72.4%
?
???
67.7%
?
???
67.3%
?
???
57.7%
?
???
56.8%
?
???
54.6%
?
???
49.3%
Clue
Person
% Correct
?
???
45.5%
?
???
45.5%
?
???
45.3%
?
???
45.3%
?
???
44.4%
?
???
41.9%
?
???
38.2%
?
???
38.2%
?
???
37.7%
?
???
36.5%
?
???
35.3%
?
???
31.8%
?
???
31.4%
?
???
30.9%
?
???
30.8%
Quiz Playlist
Details
Report
Send in Message
Add To Playlist
More Info:
Name the characters in the name chain from the Metal Gear series. Note: You cannot guess last names of people with familial relationships.
Classic:
Type in answers that appear in a list
No Skip:
Answers have to be entered in order without skipping
Quiz Source
Last Updated: Feb 16, 2017
Quiz Scoreboard
CHALLENGE
Sign Up to Join the Scoreboard
Show All
Scores
Hide
Comments
May contain spoilers
Recently Published
An Introduction to Baseball
by treessimontrees
Sports
5m
Movies - When Are They Set?
by FPL_Elf
Movies
5m
Popular People in 1961
by mucciniale
History
6m
More to Explore
Quiz From the Vault
Featured Blog Post
Where Did the Easter Bunny Come From?
hide this ad
You Might Also Like...
Tags
Metal Gear
Today's Top Quizzes in Gaming
Browse Gaming
hide this ad
Top Contributed Quizzes in Gaming
1
5-to-1: Consoles
2
Destiny 2 exotic weapons by perk icons
3
7-to-1: Board Game Piece Blitz
4
5-to-1: Legend of Zelda
5
Ultimate Genshin Impact Logic Puzzle (up to 4.3)
6
Franchise by Action Figure
7
Overwatch Logic Puzzle
8
Who's on the WWE 2K24 Cover?
9
Genshin Impact Logic Puzzle Quiz
10
Windmill: Pokémon
Explore More
Trending Topics
Anime
Harry Potter
Marvel
Crossword
Disney
Kpop
NBA
WWE
Soccer
The Office
Pokémon
Puzzle
Country
NFL
Song
hide this ad
More By:
xardo007
Quiz
Plays
Rating
Category
Featured
Created
Metal Gear Name Chain
3,302
4.62
Gaming
Feb 15, 2012
Official Zelda Timeline
2,914
4.43
Gaming
Feb 4, 2012
Super Metroid Intro
821
4.80
Gaming
Feb 11, 2012
Final Fantasy VI Backstories
488
5.00
Gaming
Mar 12, 2018
Zelda Game by Zelda Quote
383
4.50
Gaming
Feb 25, 2012
Go to Creator's Profile
Score Distribution
Quiz Creator Spotlight
xardo007
Follow
Send a Message
Quizzes Created
-
Created Quiz Play Count
-
More By This Creator
Popular Quizzes Today
1
Find the Countries of Europe - No Outlines Minefield
2
Find the US States - No Outlines Minefield
3
The Countries of the World
4
Popular People in 1961
5
Find the US States
6
US States
7
1-10 Letter E Words III
8
Risky Map Clicking: Biggest States A-Z
More Gaming Quizzes
Clickable Chess Moves - Pawn
Published
Trending Quizzes
Risky Map Clicking: Least Populous States A-Z
1-10 Letter F Words
1-10 Letter G Words
One Thing in Common: United Kingdom
Risky Map Clicking: Next State Alphabetically
Recently Updated
Leaping Animals
pecheneg
Reality TV Shows (A-Z)
bhenderson79
Rickey Henderson's Hall of Fame Teammates
pecheneg
Champions League XIs: Arsenal
pecheneg
Quick Pick: Celebrities in WWE's Hall of Fame
aduchscher
A-Z Keypad Blitz II
pecheneg
Multiple Oscar Actors
pecheneg
Mystery Phrase Blitz: Oscar 'Best Actors'
pecheneg
F. Scott Fitzgerald Novels
LTH
Pick 3 Villains
ddd62291
Trending Topics
Kpop
Marvel
Crossword
Anime
Disney
Harry Potter
NBA
WWE
Pokémon
Soccer
Song
NFL
Puzzle
Country
The Office
Your Account Isn't Verified!
In order to create a playlist on Sporcle, you need to verify the email address you used during registration. Go to your
Sporcle Settings
to finish the process.
Report this User
Report this user for behavior that violates our
Community Guidelines
.
Details:
Send Report
Go to the Sporcle.com Mobile Site →
Comments